Bundesliga - Torschützen I - Statistiken

Allgemein
  • Dieses Quiz wurde 544 mal gespielt
  • Das Durchschnittsergebnis liegt bei 72 aus 162
Antwortstatistiken
Saison Verein Tore Spieler % Korrekt
2011/12 Borussia Dortmund 22 Robert Lewandowski
97%
2012/13 Borussia Dortmund 24 Robert Lewandowski
97%
2013/14 Borussia Dortmund 20 Robert Lewandowski
97%
2014/15 FC Bayern München 17 Robert Lewandowski
97%
2015/16 FC Bayern München 30 Robert Lewandowski
97%
2016/17 FC Bayern München 30 Robert Lewandowski
97%
2017/18 FC Bayern München 29 Robert Lewandowski
97%
2018/19 FC Bayern München 22 Robert Lewandowski
97%
2014/15 Borussia Dortmund 16 Pierre-Emerick Aubameyang
86%
2015/16 Borussia Dortmund 25 Pierre-Emerick Aubameyang
86%
2016/17 Borussia Dortmund 31 Pierre-Emerick Aubameyang
86%
2017/18 Borussia Dortmund 13 Pierre-Emerick Aubameyang
86%
2010/11 Borussia Mönchengladbach 10 Marco Reus
84%
2011/12 Borussia Mönchengladbach 18 Marco Reus
84%
2016/17 Rasenballsport Leipzig 21 Timo Werner
84%
2017/18 Rasenballsport Leipzig 13 Timo Werner
84%
2018/19 Rasenballsport Leipzig 17 Timo Werner
84%
2010/11 FC Bayern München 28 Mario Gómez
83%
2011/12 FC Bayern München 26 Mario Gómez
83%
2017/18 VfB Stuttgart 8 Mario Gómez
83%
2018/19 VfB Stuttgart 7 Mario Gómez
83%
2016/17 VfL Wolfsburg 16 Mario Gómez
83%
2012/13 SV Werder Bremen 11 Nils Petersen
77%
2014/15 SC Freiburg 9 Nils Petersen
77%
2017/18 SC Freiburg 15 Nils Petersen
77%
2018/19 SC Freiburg 10 Nils Petersen
77%
2013/14 SV Werder Bremen 7 Aaron Hunt
75%
2011/12 Bayer 04 Leverkusen 16 Stefan Kießling
75%
2012/13 Bayer 04 Leverkussen 25 Stefan Kießling
75%
2013/14 Bayer 04 Leverkusen 15 Stefan Kießling
75%
2015/16 1. FC Köln 15 Anthony Modeste
74%
2016/17 1. FC Köln 25 Anthony Modeste
74%
2016/17 Hertha BSC 12 Vedad Ibisevic
74%
2012/13 VfB Stuttgart 15 Vedad Ibisevic
74%
2013/14 VfB Stuttgart 10 Vedad Ibisevic
74%
2011/12 FC Schalke 04 29 Klaas-Jan Huntelaar
71%
2012/13 FC Schalke 04 10 Klaas-Jan Huntelaar
71%
2013/14 FC Schalke 04 12 Klaas-Jan Huntelaar
71%
2015/16 FC Schalke 04 12 Klaas-Jan Huntelaar
71%
2018/19 Eintracht Frankfurt 17 Luka Jovic
71%
2012/13 Eintracht Frankfurt 16 Alexander Meier
67%
2014/15 Eintracht Frankfurt 19 Alexander Meier
67%
2015/16 Eintracht Frankfurt 12 Alexander Meier
67%
2016/17 TSG 1899 Hoffenheim 15 Andrej Kramaric
67%
2018/19 TSG 1899 Hoffenheim 17 Andrej Kramaric
67%
2012/13 FC Bayern München 15 Mario Mandzukic
64%
2013/14 FC Bayern München 18 Mario Mandzukic
64%
2011/12 VfL Wolfsburg 12 Mario Mandzukic
64%
2018/19 Borussia Dortmund 18 Paco Alcácer
63%
2018/19 VfL Wolfsburg 17 Wout Weghorst
61%
2010/11 VfL Wolfsburg 10 Edin Dzeko
60%
2015/16 Hamburger SV 9 Nicolai Müller
60%
2016/17 Hamburger SV 5 Nicolai Müller
60%
2018/19 FC Augsburg 10 Alfred Finnbogason
59%
2018/19 Borussia Mönchengladbach 12 Alassane Plea
58%
2016/17 SV Werder Bremen 15 Max Kruse
57%
2017/18 SV Werder Bremen 6 Max Kruse
57%
2018/19 SV Werder Bremen 11 Max Kruse
57%
2012/13 SC Freiburg 11 Max Kruse
57%
2011/12 1. FC Köln 18 Lukas Podolski
56%
2010/11 SV Werder Bremen 9 Claudio Pizarro
55%
2011/12 SV Werder Bremen 18 Claudio Pizarro
55%
2015/16 SV Werder Bremen 14 Claudio Pizarro
55%
2014/15 Hannover 96 10 Lars Stindl
55%
2016/17 Borussia Mönchengladbach 11 Lars Stindl
55%
2010/11 Borussia Dortmund 16 Lucas Barrios
55%
2010/11 FC Schalke 04 13 Raúl
54%
2014/15 TSG 1899 Hoffenheim 8 Kevin Volland
52%
2015/16 TSG 1899 Hoffenheim 8 Kevin Volland
52%
2017/18 Bayer 04 Leverkusen 14 Kevin Volland
52%
2017/18 Eintracht Frankfurt 9 Sébastien Haller
51%
2013/14 Borussia Mönchengladbach 15 Raffael
50%
2014/15 Borussia Mönchengladbach 12 Raffael
50%
2015/16 Borussia Mönchengladbach 14 Raffael
50%
2015/16 SV Darmstadt 98 14 Sandro Wagner
50%
2018/19 Bayer 04 Leverkusen 17 Kai Havertz
49%
2010/11 1. FSV Mainz 05 15 André Schürrle
48%
2015/16 VfL Wolfsburg 9 André Schürrle
48%
2013/14 FC Augsburg 12 André Hahn
45%
2016/17 FC Schalke 04 9 Guido Burgstaller
43%
2017/18 FC Schalke 04 11 Guido Burgstaller
43%
2017/18 Hannover 96 14 Niclas Füllkrug
42%
2015/16 Hertha BSC 14 Salomon Kalou
42%
2017/18 Hertha BSC 12 Salomon Kalou
42%
2016/17 SC Freiburg 11 Florian Niederlechner
40%
2014/15 VfL Wolfsburg 16 Bas Dost
39%
2012/13 1. FSV Mainz 05 13 Ádám Szalai
38%
2018/19 Fortuna Düsseldorf 10 Dodi Lukebakio
38%
2010/11 SC Freiburg 22 Papiss Demba Cissé
37%
2011/12 SC Freiburg 9 Papiss Demba Cissé
37%
2014/15 Bayer 04 Leverkusen 12 Karim Bellarabi
34%
2017/18 FC Augsburg 13 Michael Gregoritsch
34%
2011/12 Hertha BSC 8 Pierre-Michel Lasogga
34%
2013/14 Hamburger SV 13 Pierre-Michel Lasogga
34%
2013/14 TSG 1899 Hoffenheim 16 Roberto Firmino
34%
2018/19 1. FSV Mainz 05 14 Jean-Philippe Mateta
33%
2010/11 1. FC Köln 17 Milivoje Novakovic
31%
2010/11 1. FC Kaiserslautern 16 Srdjan Lakic
31%
2017/18 Hamburger SV 6 Lewis Holtby
30%
2014/15 Hamburger SV 4 Rafael van der Vaart
30%
2010/11 Eintracht Frankfurt 16 Theofanis Gekas
30%
2010/11 Hannover 96 14 Didier Ya Konan
29%
2013/14 Eintracht Braunschweig 9 Domi Kumbela
29%
2012/13 Borussia Mönchengladbach 6 Patrick Herrmann
29%
2017/18 TSG 1899 Hoffenheim 14 Mark Uth
27%
2011/12 FC Augsburg 5 Sascha Mölders
27%
2012/13 FC Augsburg 10 Sascha Mölders
27%
2014/15 SV Werder Bremen 13 Franco Di Santo
26%
2013/14 VfL Wolfsburg 14 Ivica Olic
26%
2010/11 Hamburger SV 11 Mladen Petric
25%
2011/12 Hamburger SV 7 Mladen Petric
25%
2014/15 1. FC Köln 10 Anthony Ujah
23%
2013/14 1. FC Nürnberg 17 Josip Drmic
23%
2010/11 VfB Stuttgart 9 Martin Harnik
22%
2011/12 VfB Stuttgart 17 Martin Harnik
22%
2014/15 VfB Stuttgart 9 Martin Harnik
22%
2014/15 FC Augsburg 10 Raúl Bobadilla
22%
2011/12 TSG 1899 Hoffenheim 9 Sejad Salihovic
22%
2012/13 TSG 1899 Hoffenheim 7 Sejad Salihovic
22%
2013/14 Hertha BSC 16 Adrián Ramos
21%
2012/13 VfL Wolfsburg 10 Diego
20%
2010/11 FC St. Pauli 6 Gerald Asamoah
19%
2017/18 Borussia Mönchengladbach 10 Thorgan Hazard
19%
2015/16 Bayer 04 Leverkusen 17 Chicharito
18%
2016/17 Bayer 04 Leverkusen 11 Chicharito
18%
2012/13 Hannover 96 12 Mame Diouf
18%
2016/17 FC Augsburg 6 Halil Altintop
16%
2018/19 Hertha BSC 11 Ondrej Duda
16%
2018/19 FC Schalke 04 7 Daniel Caligiuri
15%
2013/14 1. FSV Mainz 05 15 Shinji Okazaki
15%
2014/15 1. FSV Mainz 05 12 Shinji Okazaki
15%
2015/16 VfB Stuttgart 13 Daniel Didavi
14%
2017/18 VfL Wolfsburg 9 Daniel Didavi
14%
2015/16 FC Ingolstadt 04 12 Moritz Hartmann
14%
2014/15 Hertha BSC 7 Julian Schieber
13%
2018/19 1. FC Nürnberg 4 Mikael Ishak
11%
2012/13 Hamburger SV 12 Artjoms Rudnevs
10%
2014/15 SC Paderborn 07 6 Elias Kachunga
10%
2018/19 Hannover 96 6 Hendrik Weydandt
10%
2011/12 1. FSV Mainz 05 10 Eric Maxim Choupo-Moting
9%
2014/15 FC Schalke 04 9 Eric Maxim Choupo-Moting
9%
2017/18 1. FSV Mainz 05 8 Yoshinori Muto
9%
2013/14 SC Freiburg 12 Admir Mehmedi
8%
2013/14 Eintracht Frankfurt 9 Joselu
8%
2015/16 1. FSV Mainz 05 11 Yunus Malli
8%
2016/17 1. FSV Mainz 05 6 Yunus Malli
8%
2012/13 Fortuna Düsseldorf 8 Daniel Schahin
6%
2015/16 FC Augsburg 8 Ja-cheol Koo
6%
2017/18 1. FC Köln 5 Leonardo Bittencourt
6%
2011/12 Hannover 96 11 Mohammed Abdelaoue
6%
2011/12 1. FC Kaiserslautern 3 Pierre De Wit
6%
2015/16 Hannover 96 7 Artur Sobiech
5%
2010/11 1. FC Nürnberg 8 Christian Eigler
5%
2016/17 Eintracht Frankfurt 7 Marco Fabián
5%
2013/14 Hannover 96 10 Szabolcs Huszti
5%
2016/17 FC Ingolstadt 04 7 Almog Cohen
4%
2010/11 Bayer 04 Leverkusen 10 Arturo Vidal
4%
2010/11 TSG 1899 Hoffenheim 9 Gyfli Sigurdsson
4%
2016/17 SV Darmstadt 98 4 Mario Vrancic
4%
2011/12 1. FC Nürnberg 9 Tomas Pekhart
3%
2012/13 SpVgg Greuther Fürth 5 Nikola Djurdjic
2%
2012/13 1. FC Nürnberg 6 Per Nilsson
1%
Keine übereinstimmenden Quizze gefunden
Verteilung der Resultate
Anzahl Personen mit jedem Resultat
Perzentil nach korrekt beantworteten Fragen
Ihre Resultats-Entwicklung
Sie haben dieses Quiz noch nicht gespielt